00472nam a2200157Ia 4500008004100000082001400041100002100055245002400076600001500100630002400115700001500139730002400154942000900178999001700187952011000204090122s9999 xx 000 0 und d b3305a823 aGolsworthybJohn aThe Man Of Property aGolsworthy aThe Man Of Property aGolsworthy aThe Man Of Property cBOOK c27383d27383 00104070aDOMGRANTHbDOMGRANTHd2009-01-22l0o3305pDOM-3305r2009-01-22 00:00:00t1w2009-01-22yBOOK